The Messeger's Legacy/ (Record no. 204351)
[ view plain ]
| 000 -LEADER | |
|---|---|
| fixed length control field | 00660nam a22002057a 4500 |
| 005 - DATE AND TIME OF LATEST TRANSACTION | |
| control field | 20240913142713.0 |
| 010 ## - LCCN (DPL NO) | |
| LC control number | ENG-140852 |
| 020 ## - INTERNATIONAL STANDARD BOOK NUMBER | |
| Terms of availability | 100.00 |
| 035 ## - SYSTEM CONTROL NUMBER | |
| System control number | EN-124384 |
| 037 ## - SOURCE OF ACQUISITION | |
| Source of stock number/acquisition | DBAD/PUB |
| 082 ## - DEWEY DECIMAL CLASSIFICATION NUMBER | |
| Classification number | 181.45 |
| 100 ## - MAIN ENTRY--PERSONAL NAME | |
| Personal name | RAMAKRISHNA |
| 245 ## - TITLE STATEMENT | |
| Title | The Messeger's Legacy/ |
| Statement of responsibility, etc | By Ramakrishna |
| 250 ## - EDITION STATEMENT | |
| Edition statement | 1 |
| 260 ## - PUBLICATION, DISTRIBUTION, ETC. (IMPRINT) | |
| Place of publication, distribution, etc | Chennai |
| Name of publisher, distributor, etc | Adhyaksha, Sri Ramakrishna math |
| Date of publication, distribution, etc | 2023 |
| 270 ## - ADDRESS | |
| City | Chennai |
| Address | 31, Ramakrishna Mutt Road, Mylapore, Chennai |
| Postal code | 600004 |
| 300 ## - PHYSICAL DESCRIPTION | |
| Extent | 216vpp. |
| Dimensions | 24(pb) |
| 500 ## - GENERAL NOTE | |
| General note | A Profile pf Sri Ramakrishna Math, Chennai Commemorating 125 Years of Spirituality and Service |
| 942 ## - ADDED ENTRY ELEMENTS (KOHA) | |
| Source of classification or shelving scheme | Dewey Decimal Classification |
| Item type | English Books |
| Classification part | 181.45 |
| Call number suffix | HNA |
| Withdrawn status | Lost status | Not for loan | Collection code | Home library | Current library | Date acquired | Source of acquisition | Cost, normal purchase price | Full call number | Barcode | Copy number | Cost, replacement price | Koha item type |
|---|---|---|---|---|---|---|---|---|---|---|---|---|---|
| Non-fiction | Shahdara Branch | Shahdara Branch | 24/07/2024 | DBAD | 100.00 | 181.45 HNA | EN-124384 | 1 | 100.00 | English Books |
